La reconstitution du verbe en égyptien de tradition 400-30 avant J.-C /

Saved in:

Main Author: Engsheden, Åke,‏ ‎ 1969- (Author)

Format: Book

Language: French

Series: Uppsala Studies in Egyptology ; 3.
USE ; 3.

Subjects:

Tags: Add Tag

No Tags, Be the first to tag this record!

Call Number: DT57 .U85 v.3

LEADER 01023namaa2200301 4500
001 13406
003 OSt
005 20260423085426.0
008 130303s2003 sw b 001 0 fre d
020 |a 9150616188 
040 |c ARCE Library 
043 |a f-ua---  
050 0 4 |a DT57 .U85 v.3 
100 1 |a Engsheden, Åke,‏ ‎  |d 1969-  |e author 
245 1 3 |a La reconstitution du verbe en égyptien de tradition 400-30 avant J.-C /   |c Ake Engsheden. 
264 1 |a Uppsala :  |b University,  |c 2003. 
300 |a xii, 434 pages ;  |c 24 cm.  
490 1 |a Uppsala Studies in Egyptology ;   |v 3. 
490 1 |a USE ;   |v 3. 
500 |a Revision of the author's thesis (doctoral--Université d'Uppsala, 2002) 
504 |a Includes bibliographical references and index. 
650 0 |a Egyptian language  |x Philological studies. 
650 0 |a Egyptian language   |y Demotic, ca. 650 B.C.-450 A.D.   |x Verb. 
830 0 |a Uppsala Studies in Egyptology ;   |v 3. 
830 0 |a USE ;   |v 3. 
901 |a reviewed 
942 |c BK  |2 lcc 
999 |c 13300  |d 13300